Normal view
MARC view
- Public health -- Jordan -- Medical care, Cost of -- Jordan
Entry Topical Term
001 - CONTROL NUMBER
- control field: 2764
003 - CONTROL NUMBER IDENTIFIER
- control field: JO-AjAnu
005 - DATE AND TIME OF LATEST TRANSACTION
- control field: 20230606070745.0
008 - FIXED-LENGTH DATA ELEMENTS
- fixed length control field: 230606|| aca||aabn | a|a d
040 ## - CATALOGING SOURCE
- Original cataloging agency: JO-AjAnu
- Transcribing agency: JO-AjAnu
150 ## - HEADING--TOPICAL TERM
- Topical term or geographic name entry element: Public health -- Jordan -- Medical care, Cost of -- Jordan
670 ## - SOURCE DATA FOUND
- Source citation: Work cat.: (JO-AjAnu)1447: Jordan. High Health Council, author 2763, Jordan National Health Accounts 2008 : Technical Report No. 2